Minecraft:Tutti i Boss - Statistics

Statistiche generali
  • Questo quiz è stato fatto 31 volte
  • Il punteggio medio è 3 su 8
Statistiche sulle risposte
Bioma Boss % Corretto
End Enderdrago
96%
Nether Wither
96%
Caverna Sculk Warden
58%
Montagna (fortezza subacquea) Guardiano antico
23%
Foresta grigia Creaking
12%
Overworld (Tutti i suoi biomi) Herobrine
12%
Overworld (Tutti i suoi biomi) Cuore di Ender
0%
Overworld (Tutti i suoi biomi) Incursione (Raid)
0%
Nessun quiz corrispondente trovato
Distribuzione punteggi
Percentuale di utenti per punteggio
Percentile per numero di risposta
I tuoi punteggi nel tempo
Non hai fatto questo quiz